America's music, from the Pilgrims to the present /

Bibliographic Details
Main Author: Chase, Gilbert, 1906-1992
Format: Book
Language:English
Published: Urbana : University of Illinois Press, [1987]
Edition:Rev. 3rd ed.
Series:Music in American life.
Subjects:

MARC

Tag First Indicator Second Indicator Subfields
LEADER 00000cam a2200000 a 4500
001 in00000013866
005 20151007052441.0
008 861125s1987 ilua b s00110 eng
010 |a  86030795  
020 |a 025200454X (alk. paper) 
035 |a (OCoLC)15017443 
035 |9 AAA7837AM 
040 |a DLC  |c DLC  |d TXA  |d UtOrBLW 
043 |a n-us--- 
049 |a TXAM  |c [A11486884] 
050 0 0 |a ML200  |b .C5 1987 
082 0 |a 781.773  |2 19 
100 1 |a Chase, Gilbert,  |d 1906-1992. 
245 1 0 |a America's music, from the Pilgrims to the present /  |c Gilbert Chase ; with a foreword by Richard Crawford and a discographical essays by William Brooks. 
250 |a Rev. 3rd ed. 
264 1 |a Urbana :  |b University of Illinois Press,  |c [1987] 
264 4 |c ©1987 
300 |a xxiv, 712 pages :  |b illustrations ;  |c 24 cm. 
336 |a text  |b txt  |2 rdacontent 
337 |a unmediated  |b n  |2 rdamedia 
338 |a volume  |b nc  |2 rdacarrier 
490 1 |a Music in American life 
504 |a "American music on record, by William Brooks": pages [639]-646. 
504 |a Bibliography: pages [647]-688. 
500 |a Includes index. 
650 0 |a Music  |z United States  |x History and criticism. 
830 0 |a Music in American life. 
999 |a MARS 
999 f f |s 3e199ac6-e256-346f-a9eb-56d11284fd32  |i 50364f17-958b-39b3-bfcd-d6139a0b0328  |t 0 
952 f f |p ric  |a Texas A&M University  |b Rellis Campus  |c Joint Library Facility  |d Remote Storage  |t 0  |e ML200 .C5 1987  |h Library of Congress classification  |i unmediated -- volume  |m A14811486884 
998 f f |a ML200 .C5 1987  |t 0  |l Remote Storage